LEADER 01205nam a2200289 i 4500 001 000000160833 003 CaOOAMICUS 005 20240405141325.0 008 100315s1989 it u000 u ita u 013 $a138196 020 $a88-85859-47-X 040 $aSeMil$bita 245 00$aFavole della tradizione ebraica /$ca cura di Elena Loewenthal ; presentazione di Riccardo Calimani ; [trad. di E. Loewenthal]. 264 1$aMilano :$bArcana,$c1989. 300 $a274 p. ;$c23 cm. 490 1 $aParola di fiaba ;$v14 650 4$aFavole ebraiche.$0(OLS)http://semarc/subject/55441 700 1 $aCalimani, Riccardo,$d<1946- >.$0(OLS)http://semarc/name/41624 700 1 $aLoewenthal, Elena,$d<1960- >.$0(OLS)http://semarc/name/4577 830 0$aParola di fiaba ;$v14.$0(OLS)http://semarc/title/23289 850 $aSeMil 852 $aSeMil$W1$xVenegono$y1$m2X III 48$j112282$B112282$CSeMilBibl$Z2$F122482 $81 961 $aOmaggio: Altro 996 $6020$a88-85859-47-X$9(OLS)http://semarc/number/76776 996 $6245$aFavole della tradizione ebraica$9(OLS)http://semarc/title/143681 996 $6264$aMilano :$bArcana$9(OLS)http://semarc/publisher/34687 LEADER 01370nam a2200313 i 4500 001 000000119488 003 CaOOAMICUS 005 20050513000000.0 008 050513s1998 it u000 u ita u 013 $a92182 020 $a88-8212-128-3 040 $aSeMil$bita 100 1 $aRebora, Roberto,$d<1910-1992>.$0(OLS)http://semarc/name/22922 245 10$aDella voce umana :$be poesie inedite /$cRoberto Rebora ; a cura di Nicoletta Trotta ; presentazione di Renata Lollo. 260 $aNovara :$bInterlinea,$ccopyr. 1998. 300 $a90 p. :$briccamente ill. ;$c21 cm. 490 0 $aBiblioteca di Autografo ;$v1 500 $aContiene : Bibliografia. - Fondo Card. C.M. Martini. 650 4$aVoce - Aspetti culturali.$0(OLS)http://semarc/subject/22383 700 1 $aLollo, Renata.$0(OLS)http://semarc/name/22520 700 1 $aTrotta, Nicoletta.$0(OLS)http://semarc/name/49824 830 0$aBiblioteca di Autografo ;$v1.$0(OLS)http://semarc/title/10797 850 $aSeMil 852 $aSeMil$W1$xVenegono$y1$m1B IV 103$j74696$B74696$CSeMilBibl$Z2$F97625 $81 941 1 $a4 961 $aOmaggio: Martini Card. Carlo Maria 996 $6020$a88-8212-128-3$9(OLS)http://semarc/number/104365 996 $6245$aDella voce umana :$be poesie inedite$9(OLS)http://semarc/title/175604 996 $6260$aNovara :$bInterlinea$9(OLS)http://semarc/publisher/31908